000 00654nam a2200229Ia 4500
003 OSt
005 20220926040446.0
006 a|||||r|||| 00| 0
007 ta
008 220923b |||||||| |||| 00| 0 eng d
037 _cGeneral Book
040 _aRTL
_cRTL
_beng
041 _2eng
_aeng
082 _aB245, J2
100 _aStoll Robert R
245 0 _aLinear algebra and matric theory
260 _c1952
490 _aInternational Series in Pure and Applied Mathematics ed by William Ted Martin and E.H. Spanier, 26
650 _aMatrix
_9234093
942 _hB245, J2
_cGB
_2CC
999 _c664827
_d664827